Culture Générale - Série 2677 - Statistiques

Statistiques générales
  • Ce quiz a été pris 87 fois
  • Le résultat moyen est 7 sur 10
Statistiques - réponses
Question Réponse % Correct
En combien d'arrondissements municipaux la ville de Paris est-elle divisée ? 20
96%
Quel pays est désigné par l'expression française « empire du Milieu » ? Chine
91%
Dans quel État des États-Unis se trouve la ville de Malibu ? Californie
84%
Quel est le mot manquant pour compléter cette expression populaire : "Bayer aux ___" ? corneilles
74%
Dans quel pays se situe la baie d'Along ? Vietnam
70%
Qui était surnommé "L'empereur à la barbe fleurie" ? Charlemagne
69%
De quel pays Amman est-elle la capitale ? Jordanie
69%
Dans le film Tchao Pantin de Claude Berri de 1983, qui incarne le pompiste Lambert ? Coluche
60%
Expression latine en 2 mots qui désigne une personne qui a toute la confiance d'une autre et peut la remplacer en toutes circonstances alter ego
28%
Dans le film Topaze de Marcel Pagnol de 1950, quelle est la profession de Topaze incarné par Fernandel ? instituteur
21%
Aucun quiz correspondant
Distribution des résultats
% des personnes avec chaque résultat
Percentile par nombre de réponses
Votre historique - résultats
Vous n’avez pas pris ce quiz